
Library Catalogue

| 000 -LEADER | |
|---|---|
| fixed length control field | 01051cam a2200205 i 4500 |
| 005 - DATE AND TIME OF LATEST TRANSACTION | |
| control field | 20260520101610.0 |
| 008 - FIXED-LENGTH DATA ELEMENTS--GENERAL INFORMATION | |
| fixed length control field | 170814s2018 mauab b 001 0 eng c |
| 020 ## - INTERNATIONAL STANDARD BOOK NUMBER | |
| International Standard Book Number | 9780674986725 (hbk.) |
| 082 00 - DEWEY DECIMAL CLASSIFICATION NUMBER | |
| Classification number | 338.91095409045 ENG |
| 100 1# - MAIN ENTRY--PERSONAL NAME | |
| Personal name | Engerman, David C. |
| 245 14 - TITLE STATEMENT | |
| Title | The price of aid : |
| Remainder of title | the economic cold war in India / |
| Statement of responsibility, etc. | David C. Engerman. |
| 260 ## - PUBLICATION, DISTRIBUTION, ETC. | |
| Place of publication, distribution, etc. | London : |
| Name of publisher, distributor, etc. | Harvard University Press, |
| Date of publication, distribution, etc. | 2018. |
| 300 ## - PHYSICAL DESCRIPTION | |
| Extent | vii, 501 p. ' |
| Dimensions | 25 cm. |
| 365 ## - TRADE PRICE | |
| Price amount | RS. 799.00 |
| 505 ## - Contents | |
| Contents | 1. Debating Development and Discovering India; 2. Inventing Development Aid; 3. The Geopolitics of Economic Expertise; 4. The Aid Project and Cold War Competition; 5. "Free Money" and the Tilt toward the West; 6. Military Supply and the Vicissitudes of Aid Politics;<br/>7. Bets, Bargains, and the Price of American Aid; 8. Soviet Aid from Inspiration to Armory; 9. India's Double Crisis and the Price of Aid; Conclusion: Development Politics and the Price of Aid. |
| 650 #0 - SUBJECT ADDED ENTRY--TOPICAL TERM | |
| Topical term or geographic name entry element | Economic assistance |
| 650 #0 - SUBJECT ADDED ENTRY--TOPICAL TERM | |
| Topical term or geographic name entry element | Cold war |
| 650 #0 - SUBJECT ADDED ENTRY--TOPICAL TERM | |
| Topical term or geographic name entry element | Geopolitic. |
| 942 ## - ADDED ENTRY ELEMENTS (KOHA) | |
| Source of classification or shelving scheme | Dewey Decimal Classification |
| Koha item type | BOOKs |
| Withdrawn status | Lost status | Source of classification or shelving scheme | Materials specified (bound volume or other part) | Damaged status | Not for loan | Home library | Current library | Shelving location | Date acquired | Source of acquisition | Cost, normal purchase price | Total Checkouts | Full call number | Barcode | Date last seen | Price effective from | Koha item type | Public note |
|---|---|---|---|---|---|---|---|---|---|---|---|---|---|---|---|---|---|---|
| Dewey Decimal Classification | HB | NLS | NLS | General Stacks | 26/12/2023 | Purchased - Amazon.in | 799.00 | 338.91095409045 ENG | 39408 | 26/12/2023 | 26/12/2023 | BOOKs | Recommended by Dr. Manpreet Singh Dillon (Academic Fellow) |